000 01105nam a22003257a 4500
003 CHAP
005 20220329140217.0
008 971013s1976 r 00010 d
010 _a48603
011 _a49575
035 _a53724
040 _cCHAP
090 _aTesis
100 0 0 _aVelarde Ortiz, Eduardo.
_9118365
245 _aPosibilidad de utilización de sustitutos de leche en la alimentación de cabritos
260 _a(Monterrey, N.L.) :
_bEl autor,
_c1976
300 _a49 h.
_b; gráfs.
502 _aTesis (Ing. Agrónomo) -- ITESM. Div. de Ciencias Agropecuarias y Marítimas
590 _aALEPH
_b10
_c20130110
_lUCH01
_h1320
590 _aBATCH-UPD
_b10
_c20130110
_lUCH01
_h1745
590 _aBATCH-UPD
_b10
_c20130410
_lUCH01
_h1123
590 _aBATCH-UPD
_b10
_c20130914
_lUCH01
_h1507
590 _aCONVERSION
_b10
_c20130109
_lUCH01
_h1327
650 1 4 _aAlimentos y alimentacion del ganado
_xAnalisis.
_94327
650 1 4 _aGanado cabrío
_xAlimentación.
_944990
650 1 4 _aLeche
_xSustitutos.
_965413
901 _aBK
942 _cTESIS
949 _bBC
_cTES
_d-118946
_eTS1
_i53724
_si
999 _c48603
_d48603